Music Quiz

Random Music or Lyrics Quiz

Wonderful Tonight Lyrics Quiz Stats

 Plays Quiz not verified by Sporcle

Challenge
Share
Tweet
Embed
Score 0/154 Timer 10:00
0 Plays Today
% Correct
the
99.6%
and
99.6%
and
99.6%
I
99.6%
and
99.6%
I
99.6%
a
99.6%
and
99.6%
and
99.6%
and
99.6%
I
99.6%
I
99.6%
I
99.6%
I
99.6%
the
99.6%
and
99.6%
the
99.6%
I
99.6%
and
99.6%
I
99.6%
the
99.6%
and
99.6%
and
99.6%
I
99.6%
I
99.6%
the
99.6%
I
99.6%
to
99.3%
to
99.3%
to
99.3%
wonder
99.3%
to
99.3%
to
99.3%
you
98.3%
you
98.3%
you
98.3%
you
98.3%
you
98.3%
you
98.3%
wonderful
98.2%
wonderful
98.2%
wonderful
98.2%
wonderful
98.2%
wonderful
98.2%
tonight
98.1%
tonight
98.1%
tonight
98.1%
tonight
98.1%
in
97.2%
in
97.2%
look
96.9%
look
96.9%
% Correct
me
95.3%
we
95.3%
me
95.3%
me
95.3%
me
95.3%
she
95.1%
she
95.1%
she
95.1%
it
94.7%
say
94.6%
say
94.6%
say
94.6%
do
94.1%
do
94.1%
It's
93.2%
It's
93.1%
as
93.1%
evening
92.1%
her
92%
her
92%
her
92%
her
92%
late
91.6%
then
91.6%
then
91.6%
feel
91.6%
feel
91.6%
feel
91.6%
then
91.6%
alright
91.2%
alright
91.2%
go
90.8%
go
90.8%
hair
89.7%
on
89.7%
asks
88.8%
asks
88.8%
yes
88.1%
yes
88.1%
long
87.9%
see
87.8%
see
87.8%
darling
87.7%
darling
87.7%
My
87.5%
my
87.5%
put
87%
love
86.1%
love
86.1%
of
86%
party
85.7%
eyes
85.5%
% Correct
your
85.4%
an
85.4%
make-up
85.1%
blonde
84.5%
turn
84.4%
what
84.2%
wear
83.6%
she's
83.3%
that
83.2%
all
83.2%
light
83%
light
83%
clothes
82.6%
lady
82.6%
beautiful
82.4%
brushes
82.1%
this
81.7%
is
81.5%
were
81.5%
were
81.5%
with
81.1%
how
80.2%
everyone
80%
time
78.5%
now
78%
wondering
77.8%
home
77.8%
much
77.7%
Oh
76.5%
out
75.8%
turns
75.7%
tell
75.5%
don't
74%
walking
72.8%
just
72.5%
bed
72.5%
car
72.4%
so
70.1%
around
70%
keys
69.1%
give
69%
realize
68.2%
I've
65.2%
that's
65%
because
65%
got
64.7%
head
64.6%
aching
60.7%
helps
51.6%
she'll
50%

You're not logged in!

Compare scores with friends on all Sporcle quizzes.
Join for Free
OR
Log In

You Might Also Like...

Show Comments

Extras

Top Quizzes Today


Score Distribution

Your Account Isn't Verified!

In order to create a playlist on Sporcle, you need to verify the email address you used during registration. Go to your Sporcle Settings to finish the process.

Report this User

Report this user for behavior that violates our Community Guidelines.

Details: